000
00326nam a2200109Ia 4500
008
171204s9999 xx 000 0 und d
245
_a
Digital SLR Cameras and Photography For Dummies:
245
_c
David D. Busch
260
_c
2014
650
_x
DIGITAL PHOTOGRAPHY
856
_u
http://down.ebook777.com/011/9781118951293.pdf
999
_c
346044
_d
346044